Normal view
MARC view
- English fiction -- 18th century
Entry Topical Term
001 - CONTROL NUMBER
- control field: 5526
003 - CONTROL NUMBER IDENTIFIER
- control field: JO-AjAnu
005 - DATE AND TIME OF LATEST TRANSACTION
- control field: 20230606071210.0
008 - FIXED-LENGTH DATA ELEMENTS
- fixed length control field: 230606|| aca||aabn | a|a d
040 ## - CATALOGING SOURCE
- Original cataloging agency: JO-AjAnu
- Transcribing agency: JO-AjAnu
150 ## - HEADING--TOPICAL TERM
- Topical term or geographic name entry element: English fiction -- 18th century
670 ## - SOURCE DATA FOUND
- Source citation: Work cat.: (JO-AjAnu)2856: Garber, Frederick, author 5525, The Italian or The Confession of the Black Penitents A Romace